[Event "SLO-chT 1st League Central"]
[Site "Ljubljana"]
[Date "2012.10.25"]
[Round "8.1"]
[White "Ursic, Aleksander"]
[Black "Hribar, Janez"]
[Result "1/2-1/2"]
[WhiteElo "1977"]
[BlackElo "2074"]
[PlyCount "86"]
[EventDate "2012.09.06"]
[EventType "team-swiss"]
[EventRounds "9"]
[EventCountry "SLO"]
[SourceTitle "EXT 2019"]
[Source "ChessBase"]
[SourceDate "2018.10.10"]
[SourceVersion "1"]
[SourceVersionDate "2018.10.10"]
[SourceQuality "1"]
[WhiteTeam "Kosovel Srecko"]
[BlackTeam "Crni Graben"]
[WhiteTeamCountry "SLO"]
[BlackTeamCountry "SLO"]

1. d4 Nf6 2. Nf3 e6 3. Bf4 c5 4. c3 Qb6 5. Qc1 Nc6 6. e3 d5 7. Bd3 Bd7 8. Nbd2 Rc8 9. 0-0 Be7 10. Rb1 cxd4 11. exd4 Nb4 12. Be2 Bb5 13. Qd1 Nd3 14. Bg3 Qa6 15. Qb3 Bc4 16. Nxc4 dxc4 17. Qc2 0-0 18. Rfd1 Nd5 19. Bxd3 cxd3 20. Qxd3 Qxa2 21. Qb5 Nb6 22. Ra1 Qc4 23. Qxc4 Nxc4 24. b3 Nd6 25. Rxa7 Rxc3 26. Bxd6 Bxd6 27. Rxb7 Rfc8 28. b4 R8c4 29. b5 h6 30. Kf1 Rb4 31. Ke2 Bf4 32. g3 Rb2+ 33. Nd2 Bd6 34. b6 Rcb3 35. Ke1 Rd3 36. Rd7 Rxb6 37. Nc4 Bb4+ 38. Ke2 Rxd1 39. Kxd1 Ra6 40. Rd8+ Kh7 41. Ne5 f6 42. Nd3 Rd6 43. Rxd6 Bxd6 1/2-1/2

[Event "SLO-chT 1st League Central"]
[Site "Ljubljana"]
[Date "2012.09.06"]
[Round "1.1"]
[White "Persl, Bojan"]
[Black "Hribar, Janez"]
[Result "1-0"]
[WhiteElo "2088"]
[BlackElo "2074"]
[PlyCount "85"]
[EventDate "2012.09.06"]
[EventType "team-swiss"]
[EventRounds "9"]
[EventCountry "SLO"]
[SourceTitle "EXT 2019"]
[Source "ChessBase"]
[SourceDate "2018.10.10"]
[SourceVersion "1"]
[SourceVersionDate "2018.10.10"]
[SourceQuality "1"]
[WhiteTeam "Klinicni Center"]
[BlackTeam "Crni Graben"]
[WhiteTeamCountry "SLO"]
[BlackTeamCountry "SLO"]

1. e4 Nf6 2. e5 Nd5 3. d4 d6 4. Nf3 Bg4 5. Be2 e6 6. 0-0 Be7 7. c4 Nb6 8. exd6 cxd6 9. Nbd2 0-0 10. b3 Nc6 11. Bb2 Bf5 12. a3 a5 13. Re1 Bf6 14. Bf1 d5 15. c5 Nd7 16. Rc1 b6 17. Bb5 Rc8 18. Bxc6 Rxc6 19. b4 bxc5 20. bxc5 Qc7 21. Bc3 Ra8 22. Qe2 Nxc5 23. dxc5 Rxc5 24. Be5 Bxe5 25. Rxc5 Qxc5 26. Nxe5 Qxa3 27. g4 Bg6 28. h4 Bc2 29. Nxf7 Qe7 30. Ng5 e5 31. Ndf3 Rc8 32. Qa6 Rf8 33. Qxa5 Bb3 34. Rxe5 Qd7 35. Ne6 Re8 36. Nfd4 Bc4 37. Qb6 Qa4 38. Qb1 g6 39. h5 Ba2 40. Qb7 Qd1+ 41. Kh2 Rxe6 42. Qc8+ Kg7 43. h6+ 1-0

[Event "Ljubljana-chT 65th 2nd League"]
[Site "Ljubljana"]
[Date "2012.03.01"]
[Round "6.1"]
[White "Djuricic, Domen"]
[Black "Hribar, Janez"]
[Result "0-1"]
[WhiteElo "1884"]
[BlackElo "2078"]
[PlyCount "84"]
[EventDate "2012.01.12"]
[EventType "team-tourn"]
[EventRounds "9"]
[EventCountry "SLO"]
[SourceTitle "EXT 2022"]
[Source "ChessBase"]
[SourceDate "2021.10.06"]
[SourceVersion "1"]
[SourceVersionDate "2021.10.06"]
[SourceQuality "1"]
[WhiteTeam "Kocevje"]
[BlackTeam "Crni Graben"]
[WhiteTeamCountry "SLO"]
[BlackTeamCountry "SLO"]

1. d4 Nf6 2. Nf3 e6 3. Bg5 c5 4. c3 Qb6 5. Qb3 Nc6 6. Bxf6 gxf6 7. e3 d5 8. Nbd2 c4 9. Qc2 f5 10. Be2 Bd7 11. h3 h5 12. 0-0-0 h4 13. g4 hxg3 14. fxg3 Rg8 15. Rdg1 Bh6 16. Nf1 e5 17. Kb1 e4 18. N3d2 Ne7 19. g4 0-0-0 20. b4 fxg4 21. hxg4 f5 22. Qd1 Rg7 23. Rg2 Rdg8 24. Rgh2 Bg5 25. Kb2 a5 26. a3 axb4 27. axb4 f4 28. exf4 Bxf4 29. Rh8 Qg6 30. Rxg8+ Rxg8 31. Rg1 Qg5 32. Nb1 Rh8 33. Na3 Rh3 34. Nc2 Ng6 35. Ne1 Nh4 36. Ng2 Nf3 37. Bxf3 exf3 38. Nxf4 Qxf4 39. Qd2 Qxd2+ 40. Nxd2 Rh2 41. Kc1 f2 42. Rf1 Bxg4 0-1

[Event "Ljubljana-chT 65th 2nd League"]
[Site "Ljubljana"]
[Date "2012.01.12"]
[Round "1.1"]
[White "Hribar, Janez"]
[Black "Grasic, Marjan"]
[Result "1-0"]
[WhiteElo "2078"]
[BlackElo "1754"]
[PlyCount "111"]
[EventDate "2012.01.12"]
[EventType "team-tourn"]
[EventRounds "9"]
[EventCountry "SLO"]
[SourceTitle "EXT 2022"]
[Source "ChessBase"]
[SourceDate "2021.10.06"]
[SourceVersion "1"]
[SourceVersionDate "2021.10.06"]
[SourceQuality "1"]
[WhiteTeam "Crni Graben"]
[BlackTeam "Barob Smarca II"]
[WhiteTeamCountry "SLO"]
[BlackTeamCountry "SLO"]

1. d4 d5 2. Nf3 e6 3. c4 c6 4. e3 a6 5. Nc3 b5 6. c5 h6 7. Bd3 Nf6 8. Ne5 Nfd7 9. f4 Nxe5 10. fxe5 Kd7 11. 0-0 f6 12. exf6 gxf6 13. e4 Kc7 14. b4 dxe4 15. Bxe4 f5 16. Bf3 Bg7 17. Be3 e5 18. dxe5 Bxe5 19. Qc2 Qf6 20. Rac1 Qh4 21. g3 Qxb4 22. Ne2 Be6 23. Nf4 Bxf4 24. Bxf4+ Kb7 25. Rfe1 Qd4+ 26. Be3 Qf6 27. Qf2 Nd7 28. Bd4 Qg6 29. Bxh8 Rxh8 30. a4 f4 31. Qg2 Bc4 32. Re7 Kc7 33. Rd1 Rd8 34. Qh3 Bd5 35. Bxd5 cxd5 36. axb5 axb5 37. Rc1 Qf6 38. Qe6 Qd4+ 39. Kh1 Qb2 40. Qd6+ Kc8 41. Qxf4 Rf8 42. Qxh6 Rh8 43. Re2 Qxe2 44. Qxh8+ Kc7 45. Qh6 Qf3+ 46. Kg1 Qe4 47. c6 Ne5 48. Qg7+ Kd6 49. Qf6+ Kc7 50. Qe7+ Kb6 51. Qb7+ Ka5 52. Qa7+ Kb4 53. c7 Nf3+ 54. Kf2 Nd2 55. Qc5+ Kb3 56. Qc3+ 1-0